000 00868cab a2200241 4500
001 ABS54749
008 090401t1996 xxu||||| |||| 00| 0 eng d
035 _a(Sirsi) u12124
041 _aeng
100 _aSyms, P.
245 2 _aA question of evidence
260 _c1996
350 _a0
490 _aValuer (ISVA)
_v65(2) March/April 1996, 12-13(2)
520 _aArgues for the establishment of a national contaminated land database. Suggests the categories of information which should be included for each property. Refers to mandatory guidance laid down in the RICS Appraisal and Valuation Manual Guidance Note 2.
650 _aCONTAMINATED LAND
650 _aENVIRONMENTAL IMPAIRMENT DATABANK
650 _aNATIONAL CONTAMINATED LAND DATABASE
650 _aRICS APPRAISAL AND VALUATION MANUAL
690 _aLAND
942 _n0
948 _c04/03/1997
999 _c7757
_d7757